|
|
|
|
| LEADER |
00000nam0a2200000 4500 |
| 001 |
677796 |
| 005 |
20241220162829.0 |
| 090 |
|
|
|a 677796
|
| 100 |
|
|
|a 20241220d1979 k||y0rusy50 ca
|
| 101 |
0 |
|
|a rus
|
| 102 |
|
|
|a RU
|
| 105 |
|
|
|a a z 001yy
|
| 181 |
|
0 |
|a i
|b e
|
| 182 |
|
0 |
|a n
|
| 183 |
|
0 |
|a nc
|2 RDAcarrier
|
| 200 |
1 |
|
|a Спорово-пыльцевые комплексы третичных отложений западного побережья Японского моря
|f М. Д. Болотникова
|g Биолого-почвенный институт, Дальневосточный научный центр АН СССР
|
| 203 |
|
|
|a Текст
|b визуальный
|c непосредственный
|
| 210 |
|
|
|a Москва
|c Наука
|d 1979
|
| 215 |
|
|
|a 196 с.
|c ил.
|
| 283 |
|
|
|a volume
|2 RDAcarrier
|
| 320 |
|
|
|a Литература: с. 153-161
|
| 606 |
1 |
|
|a Пыльца ископаемых растений
|9 71605
|
| 610 |
1 |
|
|a стратиграфия
|
| 610 |
1 |
|
|a кайнозой
|
| 610 |
1 |
|
|a палеогеография
|
| 610 |
1 |
|
|a Приморье
|
| 610 |
1 |
|
|a растительный покров
|
| 610 |
1 |
|
|a споры
|
| 610 |
1 |
|
|a пыльца
|
| 675 |
|
|
|a 561
|v 4
|
| 700 |
|
1 |
|a Болотникова
|b М. Д.
|g Мария Дмитриевна
|
| 712 |
0 |
2 |
|a Академия наук СССР
|b Дальневосточный научный центр
|b Биолого-почвенный институт
|c (Владивосток)
|c (1962-1986)
|4 570
|9 26238
|
| 801 |
|
0 |
|a RU
|b 63413507
|c 20241220
|
| 830 |
|
|
|a Ретро2024Каталогизация
|
| 850 |
|
|
|a 63413507
|
| 942 |
|
|
|c BK
|